Crystal Globe Winners, Alpine Ski World Cup Women - Statistics

General Stats
  • This quiz has been taken 310 times
    16 since last reset
  • The average score is 48 of 97
Answer Stats
Racer % Correct
Federica Brignone
100%
Laura Pirovano
100%
Lindsey Vonn
100%
Mikaela Shiffrin
100%
Sofia Goggia
100%
Anja Pärson
88%
Julia Scheib
88%
Lara Gut-Behrami
88%
Maria Höfl-Riesch
88%
Wendy Holdener
88%
Corinne Suter
75%
Deborah Compagnoni
75%
Janica Kostelić
75%
Nicole Schmidhofer
75%
Petra Vlhová
75%
Tina Maze
75%
Zrinka Ljutić
75%
Alexandra Meissnitzer
63%
Anna Veith
63%
Annemarie Moser-Pröll
63%
Cornelia Hütter
63%
Denise Karbon
63%
Eva-Maria Brem
63%
Frida Hansdotter
63%
Isolde Kostner
63%
Katharina Liensberger
63%
Katja Seizinger
63%
Marlies Schild
63%
Marta Bassino
63%
Renate Götschl
63%
Tessa Worley
63%
Viktoria Rebensburg
63%
Anita Wachter
50%
Carole Merle
50%
Ilka Štuhec
50%
Isabelle Mir
50%
Martina Ertl
50%
Michaela Dorfmeister
50%
Michela Figini
50%
Pernilla Wiberg
50%
Régine Cavagnoud
50%
Rosi Mittermaier
50%
Tina Weirather
50%
Vreni Schneider
50%
Andreja Slokar
38%
Brigitte Oertli
38%
Brigitte Totschnig
38%
Carole Montillet
38%
Chantal Bournissen
38%
Christa Kinshofer
38%
Christa Zechmeister
38%
Corinne Schmidhauser
38%
Doris De Agostini
38%
Elfriede Eder
38%
Gertrud Gabl
38%
Hilde Gerg
38%
Katharina Gutensohn
38%
Kathrin Hölzl
38%
Laure Pequegnot
38%
Lise-Marie Morerod
38%
Maria Walliser
38%
Marie-Cécile Gros-Gaudenier
38%
Marielle Goitschel
38%
Marie-Michèle Gagnon
38%
Marie-Theres Nadig
38%
Mateja Svet
38%
Michèle Jacot
38%
Nancy Greene
38%
Nicole Hosp
38%
Olga Pall
38%
Perrine Pelen
38%
Petra Kronberger
38%
Picabo Street
38%
Regina Häusl
38%
Regina Sackl
38%
Roswitha Steiner
38%
Sabine Egger
38%
Sonja Nef
38%
Špela Pretnar
38%
Tamara McKinney
38%
Tanja Poutiainen
38%
Wiltrud Drexel
38%
Ylva Nowén
38%
Annie Famose
25%
Betsy Clifford
25%
Britt Lafforgue
25%
Erika Hess
25%
Florence Masnada
25%
Françoise Macchi
25%
Hanni Wenzel
25%
Ingrid Lafforgue
25%
Irene Epple
25%
Marilyn Cochran
25%
Marina Kiehl
25%
Monika Kaserer
25%
Sabine Ginther
25%
Patricia Emonet
13%
No matching quizzes found
Score Distribution
Percent of People with Each Score
Percentile by Number Answered
Your Score History
You have not taken this quiz since the last reset